Študijný program Fakulty podnikového manažmentu Ekonomická univerzita v Bratislave 2003/2004

Enregistré dans:
Détails bibliographiques
Collectivité auteur: Ekonomická univerzita v Bratislave. Fakulta podnikového manažmentu
Autres auteurs: Szabo, Ľuboslav, Kordošová, Elena
Format: Livre
Langue:slovaque
Publié: Bratislava Ekonóm 2003
Sujets:
Tags: Ajouter un tag
Pas de tags, Soyez le premier à ajouter un tag!

MARC

LEADER 00000nam a2200000 4500
001 0017649
005 20230307094326.0
020 |a 80-225-1731-3 
041 0 |a slo 
044 |a SK 
245 1 0 |a Študijný program Fakulty podnikového manažmentu  |b Ekonomická univerzita v Bratislave 2003/2004  |c [zostavili: Ľuboslav Szabo, Elena Kordošová] 
264 1 |a Bratislava  |b Ekonóm  |c 2003 
300 |a 159 s. 
610 2 0 |a programy študijné 
610 2 0 |a univerzity 
610 2 0 |a vzdelávanie vysokoškolské 
700 1 |a Szabo, Ľuboslav 
700 1 |a Kordošová, Elena 
710 2 |a Ekonomická univerzita v Bratislave. Fakulta podnikového manažmentu